Statistiche per Trasferimenti più costosi - Danimarca

Clicka qui per fare il quiz!

Statistiche generali

  • Questo quiz è stato fatto 20 volte
  • Il punteggio medio è 8 su 20

Statistiche sulle risposte

Costo (M €)DaAAnnoGiocatore% Corretto
27TottenhamInter2020Christian Eriksen
100%
14,15AjaxTottenham2013Christian Eriksen
100%
12,50FenerbahçeSiviglia2017Simon Kjaer
68%
12,50PalermoWolfsburg2010Simon Kjaer
68%
17Sturm GrazAtalanta2022Rasmus Højlund
63%
15SampdoriaBrentford2022Mikkel Damsgaard
53%
13,70GenkAtalanta2021Joakim Maehle
47%
20Werder BremaBorussia Dortmund2018Thomas Delaney
47%
20,50AjaxNizza2019Kasper Dolberg
42%
18LeganésBarcellona2020Martin Braithwaite
37%
17,50Olympique LioneCrystal Palace2021Joachim Andersen
32%
24SampdoriaOlympique Lione2019Joachim Andersen
32%
16,60SouthamptonTottenham2020Pierre-Emile Höjbjerg
32%
15Bayern MonacoSouthampton2016Pierre-Emile Höjbjerg
32%
17,60SouthamptonLeicester City2021Jannik Vestergaard
16%
25Borussia MönchengladbachSouthampton2018Jannik Vestergaard
16%
12,50Werder BremaBorussia Mönchengladbach2016Jannik Vestergaard
16%
13Red Bull SalisburgoLeeds2022Rasmus Kristensen
11%
14FC CopenhagenLeicester City2023Victor Kristiansen
11%
16,50HuddersfieldBournemouth2019Philip Billing
0%

Distribuzione punteggi

Percentile per numero di risposta

Percentuale di utenti per punteggio

I tuoi punteggi nel tempo

Non hai fatto questo quiz